000 01632nam a2200457 i 4500
001 25851
003 KOSZ 005
005 20200728124309.0
008 200728s1973 pl a f 000 0 pol
015 _aUWD 1974/2218
035 _a991028052649705066
035 _a(PL-WaBN)b17598692-48omnis_nlop
035 _ab17598692
035 _a(OCoLC)838746160
035 _a(PL)b0000001759869
035 _a(EXLNZ-48OMNIS_NETWORK)9910407068605606
040 _aWA N
_cWA N
_dKOSZ 005/RW
046 _k1973
080 _a666.9
080 _a(075.8)
100 1 _aMuszyński, Władysław
_d(1920-2005)
_eAutor
245 1 0 _aTechnologia betonu :
_bskrypt dla studentów wyżśzych szkół technicznych do przedmiotu: Technologia betonu /
_cWładysław Muszyński ; Politechnika Krakowska.
260 _aKraków :
_bWydawnictwo PK,
_c1973.
300 _a152 strony :
_bilustracje, wykresy ;
_c24 cm.
336 _aTekst
_btxt
_2rdacontent
337 _aBez urządzenia pośredniczącego
_bn
_2rdamedia
338 _aWolumin
_bnc
_2rdacarrier
380 _aKsiążki
380 _aPublikacje dydaktyczne
388 1 _a1901-2000
388 1 _a1945-1989
504 _aBibliografia na stronie 152.
650 7 _aBeton
_2DBN
650 7 _aTechnologia
655 7 _aPodręczniki akademickie
_2DBN
658 _aArchitektura i budownictwo
710 2 _aPolitechnika Krakowska im. Tadeusza Kościuszki
_4pbl
856 _uhttp://koha.tu.koszalin.pl/cgi-bin/koha/opac-detail.pl?biblionumber=25851
_yKatalog online BPK
942 _2UKD
_cKS
999 _c25851
_d25851